Credibility How Leaders Gain and Lose It, Why People Demand It

Saved in:
Bibliographic Details
Main Author: Kouzes, James M.
Other Authors: Posner, Barry Z.
Format: Book
Language:English
Published: San Francisco Jossey-Bass Publ. 1993
Edition:1. ed.
Series:<The> Jossey-Bass Management Series
Subjects:
Tags: Add Tag
No Tags, Be the first to tag this record!

MARC

LEADER 00000nam a2200000 4500
001 c020109
005 20230116131206.2
020 |a 1-55542-550-X 
041 0 |a eng 
044 |a US 
245 1 0 |a Credibility  |b How Leaders Gain and Lose It, Why People Demand It  |c James M. Kouzes, Barry Z. Posner 
250 |a 1. ed. 
264 1 |a San Francisco  |b Jossey-Bass Publ.  |c 1993 
300 |a 332 s. 
490 1 |a <The> Jossey-Bass Management Series 
830 0 |a <The> Jossey-Bass Management Series 
610 2 0 |a vedenie 
610 2 0 |a pracovníci riadiaci 
610 2 0 |a zodpovednosť 
610 2 0 |a zodpovednosť osobná 
610 2 0 |a zodpovednosť spoločenská 
610 2 0 |a správanie 
610 2 0 |a úspech pracovný 
610 2 0 |a vzťahy medziľudské 
100 1 |a Kouzes, James M. 
700 1 |a Posner, Barry Z.